[Event "Bundesliga 9495"]
[Site "Deutschland"]
[Date "1994.??.??"]
[Round "?.5"]
[White "Appel, Ralf"]
[Black "Vaganian, Rafael A"]
[Result "0-1"]
[WhiteElo "2425"]
[BlackElo "2645"]
[PlyCount "160"]
[EventDate "1994.10.??"]
[EventType "team"]
[EventRounds "15"]
[EventCountry "GER"]
[SourceTitle "Bundesliga 9495"]
[Source "DeepChess"]
[SourceDate "2005.01.01"]
[SourceVersion "1"]
[SourceVersionDate "2005.01.01"]
[SourceQuality "1"]
[WhiteTeam "SV Castrop Rauxel 1923"]
[BlackTeam "SG Porz e.V."]
[WhiteTeamCountry "GER"]
[BlackTeamCountry "GER"]

1. d4 Nf6 2. Nf3 g6 3. Bf4 Bg7 4. e3 d6 5. Bc4 O-O 6. O-O Nbd7 7. Nbd2 Qe8 8.
e4 e5 9. dxe5 dxe5 10. Bg3 Nh5 11. c3 a5 12. Re1 Nb6 13. Bf1 Nxg3 14. hxg3 Qe7
15. Nc4 Qc5 16. Nxb6 Qxb6 17. Qb3 Qc5 18. Bc4 c6 19. a4 Bf6 20. Rad1 Kg7 21.
Rd2 h5 22. Red1 Bg4 23. Be2 Rab8 24. Qc4 Qe7 25. Qd3 Be6 26. Qe3 b5 27. axb5
cxb5 28. Rd6 b4 29. c4 a4 30. c5 Ra8 31. Ra1 Rfc8 32. Ba6 Rxc5 33. Qxc5 Rxa6
34. Rc6 Qxc5 35. Rxc5 a3 36. bxa3 bxa3 37. Ne1 a2 38. Rb5 Bg5 39. Rb2 Ra5 40.
Nd3 Bc4 41. Ne1 Be7 42. Rc2 Bb3 43. Rb2 Bc4 44. Rc2 Ra4 45. Kh2 Bb3 46. Rc7 Bd6
47. Rc6 Bf8 48. Nd3 Rxe4 49. Nc1 Bd5 50. Rc2 Re1 51. Re2 Rxe2 52. Nxe2 Bc5 53.
Kg1 e4 54. Nc3 Bd4 55. Nxd5 Bxa1 56. Nb4 e3 57. fxe3 Be5 58. Nxa2 Bxg3 59. Nc3
Be5 60. Nd5 g5 61. Kf2 Kg6 62. e4 g4 63. g3 Kg7 64. Kg2 Kf8 65. Ne3 Ke7 66. Nc4
Bd4 67. Kf1 Kd7 68. Ke2 Kc6 69. Nd2 Be5 70. Nf1 Kb5 71. Ke3 Kc4 72. Nd2+ Kc3
73. Nf1 f6 74. Kf2 Kd3 75. Kg2 Bd4 76. Nh2 Kxe4 77. Nf1 Kd3 78. Nh2 Ke2 79. Nf1
f5 80. Nh2 Be5 0-1

[Event "Bundesliga 9495"]
[Site "Deutschland"]
[Date "1994.??.??"]
[Round "?.6"]
[White "Vogt, Lothar"]
[Black "Hermesmann, Hans"]
[Result "1-0"]
[WhiteElo "2515"]
[BlackElo "2310"]
[PlyCount "67"]
[EventDate "1994.10.??"]
[EventType "team"]
[EventRounds "15"]
[EventCountry "GER"]
[SourceTitle "Bundesliga 9495"]
[Source "DeepChess"]
[SourceDate "2005.01.01"]
[SourceVersion "1"]
[SourceVersionDate "2005.01.01"]
[SourceQuality "1"]
[WhiteTeam "SG Porz e.V."]
[BlackTeam "SV Castrop Rauxel 1923"]
[WhiteTeamCountry "GER"]
[BlackTeamCountry "GER"]

1. e4 g6 2. d4 Bg7 3. Nc3 d6 4. Be3 b6 5. f4 Bb7 6. Nf3 e6 7. Qd2 Nd7 8. Be2
Ne7 9. O-O O-O 10. Qe1 d5 11. e5 c5 12. Bf2 Bh6 13. g3 a6 14. Nd1 cxd4 15. Nxd4
Qc7 16. Ne3 Nf5 17. Nexf5 gxf5 18. c3 Kh8 19. Bh5 Nc5 20. Be3 Qe7 21. Rd1 Rg8
22. Rd2 Ne4 23. Rg2 Rg7 24. Bf3 Rgg8 25. Kh1 Bg7 26. Rfg1 f6 27. exf6 Bxf6 28.
g4 fxg4 29. Bxg4 Bc8 30. Nc6 Qf8 31. Ne5 b5 32. Bh5 Rg7 33. Rxg7 Bxg7 34. Nf7+
1-0

[Event "Bundesliga 9495"]
[Site "Deutschland"]
[Date "1994.??.??"]
[Round "?.8"]
[White "Mainka, Romuald"]
[Black "Hille, Ralph Ingo"]
[Result "1-0"]
[WhiteElo "2485"]
[BlackElo "2265"]
[PlyCount "61"]
[EventDate "1994.10.??"]
[EventType "team"]
[EventRounds "15"]
[EventCountry "GER"]
[SourceTitle "Bundesliga 9495"]
[Source "DeepChess"]
[SourceDate "2005.01.01"]
[SourceVersion "1"]
[SourceVersionDate "2005.01.01"]
[SourceQuality "1"]
[WhiteTeam "SG Porz e.V."]
[BlackTeam "SV Castrop Rauxel 1923"]
[WhiteTeamCountry "GER"]
[BlackTeamCountry "GER"]

1. e4 c6 2. d4 d5 3. e5 Bf5 4. h4 h5 5. c4 e6 6. Nc3 Be7 7. cxd5 cxd5 8. Bd3
Bxd3 9. Qxd3 Nc6 10. Nf3 Bb4 11. O-O Nge7 12. Bg5 Qb6 13. Rfc1 O-O 14. Na4 Qa5
15. Qd1 Nf5 16. a3 Be7 17. Bxe7 Nfxe7 18. Nc5 Qc7 19. b4 b6 20. Nd3 Qd7 21. Nf4
g6 22. Ng5 Nf5 23. Nxh5 gxh5 24. Qxh5 f6 25. Qg6+ Kh8 26. exf6 Nxh4 27. Qh5+
Kg8 28. Qxh4 Rxf6 29. Rxc6 Qxc6 30. Qh7+ Kf8 31. Qh8+ 1-0

[Event "Bundesliga 9495"]
[Site "Deutschland"]
[Date "1995.??.??"]
[Round "?.2"]
[White "Lobron, Eric"]
[Black "Hort, Vlastimil"]
[Result "1/2-1/2"]
[WhiteElo "2575"]
[BlackElo "2565"]
[PlyCount "39"]
[EventDate "1994.10.??"]
[EventType "team"]
[EventRounds "15"]
[EventCountry "GER"]
[SourceTitle "Bundesliga 9495"]
[Source "DeepChess"]
[SourceDate "2005.01.01"]
[SourceVersion "1"]
[SourceVersionDate "2005.01.01"]
[SourceQuality "1"]
[WhiteTeam "SV Empor Berlin e.V."]
[BlackTeam "SG Porz e.V."]
[WhiteTeamCountry "GER"]
[BlackTeamCountry "GER"]

1. d4 Nf6 2. c4 g6 3. Nc3 Bg7 4. e4 d6 5. Be2 O-O 6. Nf3 e5 7. O-O Nc6 8. d5
Ne7 9. Nd2 a5 10. a3 Bd7 11. b3 c6 12. Rb1 Qb8 13. dxc6 bxc6 14. b4 axb4 15.
axb4 Rc8 16. c5 d5 17. Qc2 Be6 18. Re1 h6 19. Bf1 Rd8 20. h3 1/2-1/2

[Event "Bundesliga 9495"]
[Site "Deutschland"]
[Date "1995.??.??"]
[Round "?.4"]
[White "Rabiega, Robert"]
[Black "Vaganian, Rafael A"]
[Result "0-1"]
[WhiteElo "2460"]
[BlackElo "2640"]
[PlyCount "68"]
[EventDate "1994.10.??"]
[EventType "team"]
[EventRounds "15"]
[EventCountry "GER"]
[SourceTitle "Bundesliga 9495"]
[Source "DeepChess"]
[SourceDate "2005.01.01"]
[SourceVersion "1"]
[SourceVersionDate "2005.01.01"]
[SourceQuality "1"]
[WhiteTeam "SV Empor Berlin e.V."]
[BlackTeam "SG Porz e.V."]
[WhiteTeamCountry "GER"]
[BlackTeamCountry "GER"]

1. e4 Nf6 2. e5 Nd5 3. d4 d6 4. Nf3 g6 5. Bc4 c6 6. h3 Bg7 7. O-O dxe5 8. Nxe5
Nd7 9. Nf3 O-O 10. Re1 b6 11. Bg5 N7f6 12. Ne5 Bb7 13. Qd2 c5 14. dxc5 bxc5 15.
Bh6 e6 16. Bb3 Qc7 17. Bxg7 Kxg7 18. c4 Ne7 19. Qc3 Nf5 20. Na3 a6 21. Ng4 Qe7
22. Nc2 Rfd8 23. Rad1 h5 24. Nge3 Qc7 25. Nxf5+ gxf5 26. Ne3 Qf4 27. Nf1 h4 28.
Qe3 Qxe3 29. Rxe3 Nh5 30. Re5 Nf4 31. Rxc5 Bxg2 32. Ne3 Bf3 33. Rxd8 Rxd8 34.
Rc7 Rd2 0-1

[Event "Bundesliga 9495"]
[Site "Deutschland"]
[Date "1995.??.??"]
[Round "?.5"]
[White "Vogt, Lothar"]
[Black "Muse, Mladen"]
[Result "1/2-1/2"]
[WhiteElo "2475"]
[BlackElo "2435"]
[PlyCount "53"]
[EventDate "1994.10.??"]
[EventType "team"]
[EventRounds "15"]
[EventCountry "GER"]
[SourceTitle "Bundesliga 9495"]
[Source "DeepChess"]
[SourceDate "2005.01.01"]
[SourceVersion "1"]
[SourceVersionDate "2005.01.01"]
[SourceQuality "1"]
[WhiteTeam "SG Porz e.V."]
[BlackTeam "SV Empor Berlin e.V."]
[WhiteTeamCountry "GER"]
[BlackTeamCountry "GER"]

1. e4 c5 2. c3 d6 3. d4 Nf6 4. dxc5 Nc6 5. f3 d5 6. exd5 Nxd5 7. Bc4 e6 8. Bxd5
Qxd5 9. Qxd5 exd5 10. Be3 Ne5 11. Na3 Nd3+ 12. Kd2 Nxb2 13. Rb1 Na4 14. Nb5 Kd8
15. Nd6 Bxd6 16. cxd6 Kd7 17. Nh3 f6 18. Rb4 Nb6 19. Bxb6 axb6 20. a4 Kxd6 21.
Rxb6+ Kc7 22. Rb4 Bd7 23. Nf4 Rxa4 24. Nxd5+ Kd6 25. Rxa4 Bxa4 26. Nf4 g6 27.
Ne2 1/2-1/2

[Event "Bundesliga 9495"]
[Site "Deutschland"]
[Date "1995.??.??"]
[Round "?.6"]
[White "Poldauf, Dirk"]
[Black "Brunner, Lucas"]
[Result "1/2-1/2"]
[WhiteElo "2425"]
[BlackElo "2535"]
[PlyCount "62"]
[EventDate "1994.10.??"]
[EventType "team"]
[EventRounds "15"]
[EventCountry "GER"]
[SourceTitle "Bundesliga 9495"]
[Source "DeepChess"]
[SourceDate "2005.01.01"]
[SourceVersion "1"]
[SourceVersionDate "2005.01.01"]
[SourceQuality "1"]
[WhiteTeam "SV Empor Berlin e.V."]
[BlackTeam "SG Porz e.V."]
[WhiteTeamCountry "GER"]
[BlackTeamCountry "GER"]

1. c4 Nf6 2. Nc3 c5 3. g3 e6 4. Nf3 d5 5. cxd5 Nxd5 6. Bg2 Nc6 7. O-O Be7 8. d4
O-O 9. Nxd5 exd5 10. dxc5 Bxc5 11. Bg5 f6 12. Rc1 Bb6 13. Bf4 Be6 14. Ne1 d4
15. Nd3 Bd5 16. Bxd5+ Qxd5 17. Qb3 Qxb3 18. axb3 Rfe8 19. Rc2 Rad8 20. b4 Rd5
21. Re1 g5 22. Bd2 Kf7 23. Kf1 Kg6 24. Rec1 Rb5 25. Rc4 h6 26. h3 Re7 27. R4c2
a6 28. Rc4 Re8 29. R4c2 Re7 30. Rc4 Re8 31. R4c2 Re7 1/2-1/2

[Event "Bundesliga 9495"]
[Site "Deutschland"]
[Date "1995.??.??"]
[Round "?.7"]
[White "Mainka, Romuald"]
[Black "Volke, Karsten"]
[Result "1/2-1/2"]
[WhiteElo "2515"]
[BlackElo "2440"]
[PlyCount "81"]
[EventDate "1994.10.??"]
[EventType "team"]
[EventRounds "15"]
[EventCountry "GER"]
[SourceTitle "Bundesliga 9495"]
[Source "DeepChess"]
[SourceDate "2005.01.01"]
[SourceVersion "1"]
[SourceVersionDate "2005.01.01"]
[SourceQuality "1"]
[WhiteTeam "SG Porz e.V."]
[BlackTeam "SV Empor Berlin e.V."]
[WhiteTeamCountry "GER"]
[BlackTeamCountry "GER"]

1. e4 c5 2. Nf3 e6 3. d4 cxd4 4. Nxd4 Nf6 5. Nc3 d6 6. g4 Be7 7. g5 Nfd7 8. h4
O-O 9. Be3 Nb6 10. f4 Nc6 11. Qf3 d5 12. O-O-O Bb4 13. exd5 Nxd5 14. Nxd5 Qxd5
15. Qxd5 exd5 16. c3 Re8 17. Nc2 Bf8 18. Bg2 Bf5 19. Rhe1 Be4 20. Bxe4 dxe4 21.
Rd7 b6 22. Red1 Ne7 23. Rb7 Nf5 24. Rdd7 Re7 25. Rxe7 Nxe7 26. Kd2 Nf5 27. Nd4
Nxh4 28. Nc6 Nf5 29. Rxa7 Rc8 30. Nd4 Nd6 31. b3 h5 32. gxh6 gxh6 33. Rd7 h5
34. Bf2 b5 35. a3 Ra8 36. Nc2 Kg7 37. Bc5 Nc4+ 38. bxc4 Bxc5 39. cxb5 h4 40.
Rd5 Bb6 41. Rg5+ 1/2-1/2

[Event "Bundesliga 9495"]
[Site "Deutschland"]
[Date "1995.??.??"]
[Round "?.8"]
[White "Stern, Rene"]
[Black "Van Wely, Loek"]
[Result "0-1"]
[WhiteElo "2400"]
[BlackElo "2575"]
[PlyCount "80"]
[EventDate "1994.10.??"]
[EventType "team"]
[EventRounds "15"]
[EventCountry "GER"]
[SourceTitle "Bundesliga 9495"]
[Source "DeepChess"]
[SourceDate "2005.01.01"]
[SourceVersion "1"]
[SourceVersionDate "2005.01.01"]
[SourceQuality "1"]
[WhiteTeam "SV Empor Berlin e.V."]
[BlackTeam "SG Porz e.V."]
[WhiteTeamCountry "GER"]
[BlackTeamCountry "GER"]

1. d4 Nf6 2. c4 e6 3. Nc3 Bb4 4. Qc2 c5 5. dxc5 Na6 6. a3 Qa5 7. Bd2 Nxc5 8. b3
d5 9. Ra2 Bxc3 10. Bxc3 Qb6 11. Bxf6 gxf6 12. b4 Nd7 13. cxd5 exd5 14. e3 Ne5
15. Ne2 a5 16. b5 Be6 17. Nd4 Rc8 18. Qd2 Rg8 19. Rc2 Ke7 20. Rxc8 Rxc8 21. f4
Nc4 22. Bxc4 dxc4 23. Qc3 Bd5 24. O-O Be4 25. Rd1 Qc5 26. Rd2 b6 27. h3 h5 28.
Kh2 h4 29. Re2 Rg8 30. Rd2 Rg3 31. Kg1 Qc8 32. Kf1 Bxg2+ 33. Rxg2 Qxh3 34. Nf5+
Qxf5 35. Rxg3 hxg3 36. Qxc4 Qh3+ 37. Ke2 Qg4+ 38. Kf1 Qf3+ 39. Ke1 g2 40. Qc7+
Kf8 0-1

[Event "Bundesliga 9495"]
[Site "Deutschland"]
[Date "1995.??.??"]
[Round "?.1"]
[White "Lutz, Christopher"]
[Black "Kuczynski, Robert"]
[Result "1/2-1/2"]
[WhiteElo "2560"]
[BlackElo "2510"]
[PlyCount "65"]
[EventDate "1994.10.??"]
[EventType "team"]
[EventRounds "15"]
[EventCountry "GER"]
[SourceTitle "Bundesliga 9495"]
[Source "DeepChess"]
[SourceDate "2005.01.01"]
[SourceVersion "1"]
[SourceVersionDate "2005.01.01"]
[SourceQuality "1"]
[WhiteTeam "SG Porz e.V."]
[BlackTeam "SV Erfurt West 90"]
[WhiteTeamCountry "GER"]
[BlackTeamCountry "GER"]

1. e4 c5 2. Nf3 d6 3. d4 cxd4 4. Nxd4 Nf6 5. Nc3 a6 6. Be3 e5 7. Nb3 Be7 8. f3
Be6 9. Qd2 Nbd7 10. g4 O-O 11. O-O-O Qc7 12. g5 Nh5 13. Kb1 b5 14. Nd5 Bxd5 15.
exd5 Nb6 16. Na5 Nxd5 17. Qxd5 Qxa5 18. Bh3 Qb4 19. Bf5 Nf4 20. Qe4 Qxe4 21.
Bxe4 Rab8 22. Bxf4 exf4 23. h4 Rfe8 24. Bc6 Rec8 25. Bd5 Bf8 26. Rd4 Rc7 27.
Re1 g6 28. c3 Bg7 29. Rxf4 Kf8 30. Rfe4 Rc5 31. Bb3 Re5 32. Bc2 Rf5 33. f4
1/2-1/2

[Event "Bundesliga 9495"]
[Site "Deutschland"]
[Date "1995.??.??"]
[Round "?.2"]
[White "Enders, Peter"]
[Black "Hort, Vlastimil"]
[Result "0-1"]
[WhiteElo "2480"]
[BlackElo "2565"]
[PlyCount "29"]
[EventDate "1994.10.??"]
[EventType "team"]
[EventRounds "15"]
[EventCountry "GER"]
[SourceTitle "Bundesliga 9495"]
[Source "DeepChess"]
[SourceDate "2005.01.01"]
[SourceVersion "1"]
[SourceVersionDate "2005.01.01"]
[SourceQuality "1"]
[WhiteTeam "SV Erfurt West 90"]
[BlackTeam "SG Porz e.V."]
[WhiteTeamCountry "GER"]
[BlackTeamCountry "GER"]

1. e4 e5 2. Nf3 Nc6 3. Bb5 a6 4. Ba4 Nf6 5. O-O b5 6. Bb3 Nxe4 7. d4 d5 8. dxe5
Be6 9. c3 Be7 10. Nbd2 Nc5 11. Bc2 Bg4 12. Re1 O-O 13. Nf1 Bh5 14. Ng3 Bg6 15.
Nd4 0-1

[Event "Bundesliga 9495"]
[Site "Deutschland"]
[Date "1995.??.??"]
[Round "?.4"]
[White "Jasnikowski, Zbigniew"]
[Black "Hickl, Joerg"]
[Result "1/2-1/2"]
[WhiteElo "2425"]
[BlackElo "2535"]
[PlyCount "98"]
[EventDate "1994.10.??"]
[EventType "team"]
[EventRounds "15"]
[EventCountry "GER"]
[SourceTitle "Bundesliga 9495"]
[Source "DeepChess"]
[SourceDate "2005.01.01"]
[SourceVersion "1"]
[SourceVersionDate "2005.01.01"]
[SourceQuality "1"]
[WhiteTeam "SV Erfurt West 90"]
[BlackTeam "SG Porz e.V."]
[WhiteTeamCountry "GER"]
[BlackTeamCountry "GER"]

1. d4 d6 2. Nf3 Nf6 3. c4 Nbd7 4. Nc3 c6 5. e4 e5 6. Be2 Be7 7. O-O O-O 8. Rb1
a6 9. b4 b5 10. a4 Bb7 11. Re1 Qc7 12. Bd2 exd4 13. Nxd4 bxc4 14. Bxc4 Ne5 15.
Bf1 Rfe8 16. Nf5 Bf8 17. Bg5 Nfd7 18. Rc1 Qb8 19. Kh1 h6 20. Be3 Nf6 21. f3 Bc8
22. Rb1 Bxf5 23. exf5 Qc8 24. Qc2 d5 25. a5 Rb8 26. Bd4 Ned7 27. Rxe8 Nxe8 28.
Na2 Qb7 29. Bd3 c5 30. bxc5 Qxb1+ 31. Qxb1 Rxb1+ 32. Bxb1 Bxc5 33. Bc3 Nc7 34.
Be1 Ne5 35. Nc1 Nc4 36. Nb3 Bd6 37. Kg1 Kf8 38. Kf2 Ke7 39. Bc3 f6 40. Nd4 Bc5
41. Ke2 Kd6 42. Ne6 Nxe6 43. fxe6 Kxe6 44. g4 Kd6 45. Bf5 d4 46. Be1 Nb2 47. h4
Ba3 48. Bc8 Kc5 49. Bxa6 Bb4 1/2-1/2

[Event "Bundesliga 9495"]
[Site "Deutschland"]
[Date "1995.??.??"]
[Round "?.6"]
[White "Voekler, Bernd"]
[Black "Vogt, Lothar"]
[Result "0-1"]
[WhiteElo "2350"]
[BlackElo "2475"]
[PlyCount "70"]
[EventDate "1994.10.??"]
[EventType "team"]
[EventRounds "15"]
[EventCountry "GER"]
[SourceTitle "Bundesliga 9495"]
[Source "DeepChess"]
[SourceDate "2005.01.01"]
[SourceVersion "1"]
[SourceVersionDate "2005.01.01"]
[SourceQuality "1"]
[WhiteTeam "SV Erfurt West 90"]
[BlackTeam "SG Porz e.V."]
[WhiteTeamCountry "GER"]
[BlackTeamCountry "GER"]

1. e4 c6 2. d4 d5 3. Nc3 dxe4 4. Nxe4 Bf5 5. Ng3 Bg6 6. h4 h6 7. Nf3 Nf6 8. h5
Bh7 9. Bd3 Bxd3 10. Qxd3 e6 11. Bd2 Be7 12. O-O-O O-O 13. Ne2 Ng4 14. Be1 Nd7
15. Nd2 c5 16. f3 Ngf6 17. Ne4 Qb6 18. Bf2 Nxe4 19. Qxe4 Rfd8 20. f4 Bf6 21. c3
cxd4 22. Bxd4 Bxd4 23. Nxd4 Rac8 24. Rh3 Nf6 25. Qc2 Qa5 26. Kb1 Nxh5 27. f5
Nf4 28. Rg3 exf5 29. Rf3 Ne6 30. Nxf5 Rxd1+ 31. Qxd1 Rd8 32. Qh1 Ng5 33. Qh5
Rd1+ 34. Kc2 Qa4+ 35. b3 Qd7 0-1

[Event "Bundesliga 9495"]
[Site "Deutschland"]
[Date "1995.??.??"]
[Round "?.7"]
[White "Brunner, Lucas"]
[Black "Machelett, Heiko"]
[Result "1-0"]
[WhiteElo "2535"]
[BlackElo "2315"]
[PlyCount "119"]
[EventDate "1994.10.??"]
[EventType "team"]
[EventRounds "15"]
[EventCountry "GER"]
[SourceTitle "Bundesliga 9495"]
[Source "DeepChess"]
[SourceDate "2005.01.01"]
[SourceVersion "1"]
[SourceVersionDate "2005.01.01"]
[SourceQuality "1"]
[WhiteTeam "SG Porz e.V."]
[BlackTeam "SV Erfurt West 90"]
[WhiteTeamCountry "GER"]
[BlackTeamCountry "GER"]

1. d4 Nf6 2. c4 g6 3. Nc3 Bg7 4. e4 d6 5. f3 Nc6 6. Be3 a6 7. Nge2 Rb8 8. d5
Ne5 9. Ng3 c6 10. Qd2 cxd5 11. cxd5 b5 12. Be2 Nc4 13. Bxc4 bxc4 14. Rb1 Nd7
15. Bh6 Bxh6 16. Qxh6 Qb6 17. Ke2 Ne5 18. h4 Nd3 19. Qe3 Qxe3+ 20. Kxe3 Rxb2
21. Rxb2 Nxb2 22. Rb1 Nd3 23. Nf1 Kd8 24. Nd2 Kc7 25. Nxc4 Nc5 26. Kd4 f6 27.
Na5 Bd7 28. Nb3 Nxb3+ 29. Rxb3 Rb8 30. Rxb8 Kxb8 31. f4 Kc7 32. e5 fxe5+ 33.
fxe5 dxe5+ 34. Kxe5 Kb6 35. Kd4 Bf5 36. g3 h6 37. Kc4 Bc2 38. Kb4 Bd3 39. Na4+
Kc7 40. Kc5 Bb5 41. Nc3 Bd3 42. a3 Kd7 43. Nd1 g5 44. hxg5 hxg5 45. Ne3 Be2 46.
Nf5 Bd3 47. Nd4 Be4 48. Nc6 Ke8 49. a4 Kf7 50. Kd4 Bc2 51. a5 Ba4 52. Ke5 Bb3
53. Nd4 Bc4 54. Nf3 g4 55. Nd4 Bd3 56. Nc6 Be2 57. Kf5 Bf3 58. Ne5+ Ke8 59. Ke6
Be2 60. Nc6 1-0

[Event "Bundesliga 9495"]
[Site "Deutschland"]
[Date "1995.??.??"]
[Round "?.8"]
[White "Brunthaler, Heinz"]
[Black "Mainka, Romuald"]
[Result "0-1"]
[WhiteElo "1971"]
[BlackElo "2515"]
[PlyCount "42"]
[EventDate "1994.10.??"]
[EventType "team"]
[EventRounds "15"]
[EventCountry "GER"]
[SourceTitle "Bundesliga 9495"]
[Source "DeepChess"]
[SourceDate "2005.01.01"]
[SourceVersion "1"]
[SourceVersionDate "2005.01.01"]
[SourceQuality "1"]
[WhiteTeam "SV Erfurt West 90"]
[BlackTeam "SG Porz e.V."]
[WhiteTeamCountry "GER"]
[BlackTeamCountry "GER"]

1. e4 c5 2. Nc3 d6 3. g3 Nc6 4. Bg2 g6 5. d3 Bg7 6. Nge2 Rb8 7. O-O b5 8. f4 b4
9. Nd5 f5 10. h3 Nh6 11. exf5 gxf5 12. Kh1 O-O 13. Ng1 Bb7 14. Nf3 Qd7 15. Ng5
e6 16. Ne3 Nf7 17. Qh5 Nxg5 18. fxg5 Ne5 19. Rb1 Ng6 20. Bd2 f4 21. Ng4 f3 0-1

[Event "Bundesliga 9495"]
[Site "Deutschland"]
[Date "1994.??.??"]
[Round "?.1"]
[White "Lutz, Christopher"]
[Black "Mokry, Karel"]
[Result "1/2-1/2"]
[WhiteElo "2580"]
[BlackElo "2530"]
[PlyCount "84"]
[EventDate "1994.10.??"]
[EventType "team"]
[EventRounds "15"]
[EventCountry "GER"]
[SourceTitle "Bundesliga 9495"]
[Source "DeepChess"]
[SourceDate "2005.01.01"]
[SourceVersion "1"]
[SourceVersionDate "2005.01.01"]
[SourceQuality "1"]
[WhiteTeam "SG Porz e.V."]
[BlackTeam "SV Tuebingen 1870 e.V."]
[WhiteTeamCountry "GER"]
[BlackTeamCountry "GER"]

1. e4 e5 2. Nf3 Nc6 3. Bc4 Bc5 4. c3 Nf6 5. b4 Bb6 6. d3 d6 7. a4 a6 8. O-O O-O
9. Nbd2 Ne7 10. Bb3 c6 11. Nc4 Bc7 12. Re1 Be6 13. a5 Ng6 14. Bd2 h6 15. h3 Re8
16. Be3 Bxc4 17. Bxc4 d5 18. Bb3 dxe4 19. dxe4 Qxd1 20. Raxd1 Rad8 21. Bc2 Nf4
22. Kf1 Ne6 23. Nd2 c5 24. Nc4 cxb4 25. cxb4 Rxd1 26. Rxd1 Rd8 27. Rxd8+ Nxd8
28. Nb6 Bd6 29. Nd5 Nc6 30. Bd2 Nxd5 31. exd5 Nxb4 32. Be4 Kf8 33. Ke2 Ke8 34.
Bxb4 Bxb4 35. d6 b6 36. axb6 Bxd6 37. g4 Kd7 38. Bd5 f6 39. h4 a5 40. h5 a4 41.
f3 Bb8 42. Kd3 a3 1/2-1/2

[Event "Bundesliga 9495"]
[Site "Deutschland"]
[Date "1994.??.??"]
[Round "?.2"]
[White "Schmittdiel, Eckhard"]
[Black "Hort, Vlastimil"]
[Result "1/2-1/2"]
[WhiteElo "2495"]
[BlackElo "2555"]
[PlyCount "21"]
[EventDate "1994.10.??"]
[EventType "team"]
[EventRounds "15"]
[EventCountry "GER"]
[SourceTitle "Bundesliga 9495"]
[Source "DeepChess"]
[SourceDate "2005.01.01"]
[SourceVersion "1"]
[SourceVersionDate "2005.01.01"]
[SourceQuality "1"]
[WhiteTeam "SV Tuebingen 1870 e.V."]
[BlackTeam "SG Porz e.V."]
[WhiteTeamCountry "GER"]
[BlackTeamCountry "GER"]

1. e4 e5 2. Nf3 Nf6 3. Nxe5 d6 4. Nf3 Nxe4 5. Qe2 Qe7 6. d3 Nf6 7. Bg5 Qxe2+ 8.
Bxe2 Be7 9. c4 h6 10. Bh4 Nc6 11. Nc3 1/2-1/2

[Event "Bundesliga 9495"]
[Site "Deutschland"]
[Date "1994.??.??"]
[Round "?.3"]
[White "Christiansen, Larry Mark"]
[Black "Horvath, Tamas"]
[Result "1/2-1/2"]
[WhiteElo "2575"]
[BlackElo "2435"]
[PlyCount "85"]
[EventDate "1994.10.??"]
[EventType "team"]
[EventRounds "15"]
[EventCountry "GER"]
[SourceTitle "Bundesliga 9495"]
[Source "DeepChess"]
[SourceDate "2005.01.01"]
[SourceVersion "1"]
[SourceVersionDate "2005.01.01"]
[SourceQuality "1"]
[WhiteTeam "SG Porz e.V."]
[BlackTeam "SV Tuebingen 1870 e.V."]
[WhiteTeamCountry "GER"]
[BlackTeamCountry "GER"]

1. c4 c5 2. Nf3 g6 3. d4 cxd4 4. Nxd4 Bg7 5. e4 Nf6 6. Nc3 O-O 7. Be2 d6 8. O-O
a6 9. Be3 b6 10. f4 Bb7 11. Bf3 Nbd7 12. Nb3 Rc8 13. Qe2 e6 14. Rad1 Qc7 15.
Nd2 Bc6 16. Kh1 Nc5 17. b4 Na4 18. Nxa4 Bxa4 19. Rc1 Nd7 20. Qd3 a5 21. b5 d5
22. e5 Bxb5 23. cxb5 Qxc1 24. Rxc1 Rxc1+ 25. Nf1 Nc5 26. Qe2 Rc4 27. h4 Rc8 28.
Nd2 Rc2 29. Qd1 Na4 30. Kh2 Rxa2 31. Nb3 Rc4 32. h5 Ra3 33. Bc1 Nc3 34. Qg1
Rxb3 35. Qxb6 Ne4 36. Be3 Bf8 37. Bg4 Nc5 38. Bxc5 Rxc5 39. Bxe6 Rcxb5 40.
Bxf7+ Kxf7 41. Qf6+ Kg8 42. Qe6+ Kg7 43. Qf6+ 1/2-1/2

[Event "Bundesliga 9495"]
[Site "Deutschland"]
[Date "1994.??.??"]
[Round "?.4"]
[White "Kraut, Rainer"]
[Black "Hickl, Joerg"]
[Result "1/2-1/2"]
[WhiteElo "2415"]
[BlackElo "2535"]
[PlyCount "84"]
[EventDate "1994.10.??"]
[EventType "team"]
[EventRounds "15"]
[EventCountry "GER"]
[SourceTitle "Bundesliga 9495"]
[Source "DeepChess"]
[SourceDate "2005.01.01"]
[SourceVersion "1"]
[SourceVersionDate "2005.01.01"]
[SourceQuality "1"]
[WhiteTeam "SV Tuebingen 1870 e.V."]
[BlackTeam "SG Porz e.V."]
[WhiteTeamCountry "GER"]
[BlackTeamCountry "GER"]

1. e4 g6 2. d4 d6 3. Nc3 c6 4. a4 Bg7 5. Nf3 Nf6 6. Be2 O-O 7. O-O Qc7 8. h3
Nbd7 9. a5 e5 10. dxe5 dxe5 11. Be3 Rd8 12. Qb1 Nf8 13. Qa2 Be6 14. Qa4 h6 15.
Rfd1 N6d7 16. Nd2 f5 17. f3 Nf6 18. Bc4 Kh7 19. Nb3 b5 20. axb6 axb6 21. Qb4 c5
22. Qb5 fxe4 23. Rxa8 Rxa8 24. Bxe6 Nxe6 25. Nxe4 Nxe4 26. fxe4 Nd4 27. Qc4 Qc6
28. Nd2 Rd8 29. c3 Ne6 30. Ra1 b5 31. Qe2 Rd7 32. Ra5 c4 33. Qf2 Rb7 34. Kh2
Qd6 35. Nf3 Nd4 36. Kh1 Nxf3 37. Qxf3 h5 38. Ra8 Rd7 39. Kh2 b4 40. Rc8 bxc3
41. bxc3 Qe6 42. Qe2 Rd3 1/2-1/2